000 004410000a22001810004500
020 _a0-425-09772-2
041 0 _aENG
082 0 4 _aG 306.8 C8341f
100 1 _aCosby, Bill (1937-)
245 1 0 _aFatherhood / Bill Cosby
260 _aNew York, N.Y., USA : Berkley
300 _a178 Pag
001 9469
942 _cBK
999 _c39475
_d39475
336 _atexto
_btxt
_2rdacontent
337 _2rdamedia
_asin mediación
_bn
338 _2rdacarrier
_avolumen
_bnc